| 000 | 00818cam a2200313 4500 | ||
|---|---|---|---|
| 001 | ABS67909 | ||
| 008 | 040701n2004 000 0 eng u | ||
| 035 | _a(Sirsi) u126674 | ||
| 245 | _aRegional survey: North-East | ||
| 260 | _c2004 | ||
| 490 |
_aProperty Week _v69(23) 4 June 2004, 47-68(10) |
||
| 590 | _aABS | ||
| 590 | _aABS | ||
| 650 | _aNORTHEAST ENGLAND | ||
| 650 | _aMIDDLESBROUGH | ||
| 650 | _aGATESHEAD | ||
| 650 | _aHARTLEPOOL | ||
| 650 | _aNEWCASTLE | ||
| 650 | _aNORTH TYNESIDE | ||
| 650 | _aSUNDERLAND | ||
| 650 | _aDOCKS | ||
| 650 | _aDEVELOPMENT | ||
| 650 | _aREGENERATION | ||
| 650 | _aPROPERTY-COMMERCIAL PROPERTY-RETAIL PROPERTY-RETAIL PROPERTY MARKET | ||
| 650 | _aINDUSTRIAL MARKET | ||
| 650 | _aOFFICE MARKET | ||
| 690 | _aCOMMERCIAL PROPERTY-MARKET | ||
| 942 | _n0 | ||
| 999 |
_c117639 _d117639 |
||